Word Scramble - Illnesses - Statistics

General Stats
  • This quiz has been taken 38 times
  • The average score is 14 of 20
Answer Stats
Hint Answer % Correct
LUF Flu
100%
MESLAES Measles
100%
LDCO Cold
97%
OCMA Coma
94%
UOTG Gout
90%
GUNL CACREN Lung Cancer
87%
OIOLP Polio
87%
TAREH SEADIES Heart Disease
81%
LOLEWY RFEVE Yellow Fever
81%
TSMAHA Asthma
77%
IHVSE Hives
77%
IRMALAA Malaria
71%
GGINIIVTSI Gingivitis
61%
KROSTE Stroke
61%
ADEMTNIE Dementia
45%
RMYPAOHIETH Hypothermia
45%
YSEIPPLE Epilepsy
39%
OEAPNUINM Pneumonia
35%
SHIRRITAT Arthritis
26%
RNOCIAVUOSR Coronavirus
16%
No matching quizzes found
Score Distribution
Percent of People with Each Score
Percentile by Number Answered
Your Score History
You have not taken this quiz